| 000 | 01070cam a22002535a 4500 | ||
|---|---|---|---|
| 005 | 20091103014612.0 | ||
| 008 | 090911s2009 ii ab b 100 0 eng d | ||
| 010 | _aENG-95382 | ||
| 020 |
_a9788131306017 _c600.00 |
||
| 035 | _aEN-78915 | ||
| 037 | _aDBAD/PUB | ||
| 040 |
_aDPL _beng |
||
| 100 | _aReddy, G. Rama Chandhra | ||
| 245 |
_aPlain Speaking on Demecratic Reforms, Politics of Social Justice, Police encounters, Challenges of Terrorism _cby G. Rama Chandhra Reddy |
||
| 260 |
_aNew Delhi : _bAPH Publishing Corporation _c2009 |
||
| 270 |
_a4435-36/7. Ansari road, Darya Ganj _bNew Delhi _e110002 |
||
| 300 |
_a xx, 212p. _c22 cm. (Hb) |
||
| 520 | _aContributed articles. | ||
| 610 | _aCollege of Fort St. George (Madras, India) | ||
| 651 |
_aMadras (India) _xIntellectual life _y19th century. |
||
| 942 |
_2ddc _cEN _mRED |
||
| 999 |
_c31550 _d31550 |
||